<?xml version="1.0" encoding="UTF-8"?>
<record
    xmlns:xsi="http://www.w3.org/2001/XMLSchema-instance"
    xsi:schemaLocation="http://www.loc.gov/MARC21/slim http://www.loc.gov/standards/marcxml/schema/MARC21slim.xsd"
    xmlns="http://www.loc.gov/MARC21/slim">

  <leader>007580000a22002170004500</leader>
  <controlfield tag="003">LK-CoMWRAF</controlfield>
  <controlfield tag="005">20231220113847.0</controlfield>
  <controlfield tag="008">230817t           ||||| |||| 00| 0 eng d</controlfield>
  <datafield tag="020" ind1=" " ind2=" ">
    <subfield code="a">9558087041</subfield>
  </datafield>
  <datafield tag="040" ind1=" " ind2=" ">
    <subfield code="a">LK-CoMWRAF</subfield>
    <subfield code="d">LK-CoMWRAF</subfield>
    <subfield code="e">LK-CoMWRAF</subfield>
  </datafield>
  <datafield tag="041" ind1=" " ind2=" ">
    <subfield code="a">sin</subfield>
  </datafield>
  <datafield tag="082" ind1=" " ind2=" ">
    <subfield code="a">297.577</subfield>
    <subfield code="b">NAJ</subfield>
  </datafield>
  <datafield tag="100" ind1=" " ind2=" ">
    <subfield code="a">&#xDB1;&#xDA2;&#xDD2;&#xDB8;&#xDD4;&#xDAF;&#xDD3;&#xDB1;&#xDCA;, &#xD91;&#xDB8;&#xDCA;.&#xD91;&#xDBD;&#xDCA;</subfield>
  </datafield>
  <datafield tag="245" ind1=" " ind2=" ">
    <subfield code="a">&#xD89;&#xDC3;&#xDCA;&#xDBD;&#xDCF;&#xDB8;&#xDCA; &#xDB0;&#xDBB;&#xDCA;&#xDB8;&#xDBA; &#xDC3;&#xDC4; &#xDB4;&#xDC0;&#xDD4;&#xDBD;&#xDCA; &#xDC3;&#xDD0;&#xDBD;&#xDC3;&#xDD4;&#xDB8;</subfield>
  </datafield>
  <datafield tag="246" ind1=" " ind2=" ">
    <subfield code="a">Islam Dharmaya saha Pawul Selasum</subfield>
  </datafield>
  <datafield tag="260" ind1=" " ind2=" ">
    <subfield code="a">&#xDAF;&#xDBB;&#xDCA;&#xD9C;&#xDCF; &#xDB1;&#xD9C;&#xDBB;&#xDBA;  : </subfield>
    <subfield code="b">&#xD9A;&#xDC0;&#xDBA; (&#xDC3;&#xDCA;&#xDA7;&#xDA9;&#xDD2; &#xDC3;&#xDBB;&#xDCA; &#xD9A;&#xDBD;&#xDCA;),</subfield>
    <subfield code="c">2001</subfield>
  </datafield>
  <datafield tag="300" ind1=" " ind2=" ">
    <subfield code="a">&#xDB4;&#xDD2;.151</subfield>
  </datafield>
  <datafield tag="650" ind1=" " ind2=" ">
    <subfield code="a">&#xDB4;&#xDC0;&#xDD4;&#xDBD;&#xDCA; &#xDC3;&#xDD0;&#xDBD;&#xDC3;&#xDD4;&#xDB8;&#xDCA;&#xD9A;&#xDBB;&#xDAB;&#xDBA;--&#xD89;&#xDC3;&#xDCA;&#xDBD;&#xDCF;&#xDB8;&#xDCA;</subfield>
  </datafield>
  <datafield tag="650" ind1=" " ind2=" ">
    <subfield code="a">Sinhala</subfield>
  </datafield>
  <datafield tag="942" ind1=" " ind2=" ">
    <subfield code="c">BK</subfield>
  </datafield>
  <datafield tag="952" ind1=" " ind2=" ">
    <subfield code="0">0</subfield>
    <subfield code="1">0</subfield>
    <subfield code="4">0</subfield>
    <subfield code="7">0</subfield>
    <subfield code="a">MAIN</subfield>
    <subfield code="b">MAIN</subfield>
    <subfield code="d">2023-08-17</subfield>
    <subfield code="l">0</subfield>
    <subfield code="o">297.577 NAJ</subfield>
    <subfield code="p">RAF1880</subfield>
    <subfield code="r">2023-08-17</subfield>
    <subfield code="w">2023-08-17</subfield>
    <subfield code="y">BK</subfield>
  </datafield>
  <datafield tag="999" ind1=" " ind2=" ">
    <subfield code="c">440</subfield>
    <subfield code="d">440</subfield>
  </datafield>
</record>
